[Event "España tch División de Honor 2013"]
[Site "Linares ESP"]
[Date "2013.09.11"]
[Round "4.43"]
[White "Magem Badals, Jordi"]
[Black "Hansen, Eric"]
[Result "1/2-1/2"]
[WhiteElo "2551"]
[BlackElo "2584"]
[PlyCount "60"]
[EventDate "2013.09.08"]
[EventType "team-tourn"]
[EventRounds "7"]
[EventCountry "ESP"]
[Source "lmi"]
[SourceDate "2013.09.08"]

1. e4 e5 2. Nf3 Nc6 3. Bb5 a6 4. Ba4 Nf6 5. O-O Be7 6. d3 b5 7. Bb3 d6 8. a3
O-O 9. Nc3 Bb7 10. Bd2 Nb8 11. Ne2 Nbd7 12. Ng3 d5 13. exd5 Nxd5 14. Re1 Bd6
15. Ne4 N5f6 16. Bg5 h6 17. Bh4 Re8 18. Nfd2 Be7 19. Bg3 Nc5 20. Ba2 Ncxe4 21.
Nxe4 Nxe4 22. dxe4 Bf6 23. Qe2 Qe7 24. Rad1 Rad8 25. f3 Bc8 26. Bf2 Be6 27.
Bxe6 Qxe6 28. Bc5 Be7 29. Bxe7 Qxe7 30. Rxd8 Rxd8 1/2-1/2

[Event "España tch División de Honor 2013"]
[Site "Linares ESP"]
[Date "2013.09.11"]
[Round "4.44"]
[White "Arizmendi Martinez, Julen Luis"]
[Black "Lopez Martinez, Josep Manuel"]
[Result "1/2-1/2"]
[WhiteElo "2564"]
[BlackElo "2543"]
[PlyCount "124"]
[EventDate "2013.09.08"]
[EventType "team-tourn"]
[EventRounds "7"]
[EventCountry "ESP"]
[Source "lmi"]
[SourceDate "2013.09.08"]

1. d4 Nf6 2. c4 e6 3. Nc3 Bb4 4. e3 O-O 5. Bd3 c5 6. Nge2 d5 7. cxd5 cxd4 8.
exd4 Nxd5 9. a3 Be7 10. O-O Nc6 11. Be4 Bf6 12. Qd3 g6 13. Bh6 Re8 14. Rad1
Nce7 15. Qf3 Bd7 16. Nf4 Bc6 17. Ncxd5 Nxd5 18. Rfe1 Nxf4 19. Bxf4 Bxe4 20.
Rxe4 Qd5 21. Be5 Be7 22. Rde1 Rac8 23. h3 Red8 24. Bf6 Bxf6 25. Qxf6 Qf5 26.
Qe7 Qb5 27. b4 Rd7 28. Qf6 Qf5 29. Qh4 Rc4 30. R1e3 Qd5 31. Kh2 Qd6+ 32. g3
Rxd4 33. Rxd4 Qxd4 34. Qxd4 Rxd4 35. Rc3 Rd7 36. g4 g5 37. Kg3 Kg7 38. h4 h6
39. hxg5 hxg5 40. f3 Kf6 41. Kf2 Ke7 42. Ke3 f6 43. Rc8 Kd6 44. Ke4 Rc7 45.
Rd8+ Ke7 46. Rb8 a6 47. Kd4 Kd6 48. Rf8 e5+ 49. Kd3 Ke6 50. Rb8 Rd7+ 51. Ke4
Rc7 52. Kd3 Re7 53. Ke4 Rd7 54. Re8+ Kf7 55. Rb8 Rc7 56. Kf5 Re7 57. Ke4 Ke6
58. Rd8 Rc7 59. Rb8 Rc4+ 60. Kd3 Rd4+ 61. Ke3 Rd7 62. Ke4 Rc7 1/2-1/2

[Event "España tch División de Honor 2013"]
[Site "Linares ESP"]
[Date "2013.09.11"]
[Round "4.45"]
[White "Alonso Rosell, Alvar"]
[Black "Castellanos Rodriguez, Renier"]
[Result "1/2-1/2"]
[WhiteElo "2542"]
[BlackElo "2509"]
[PlyCount "41"]
[EventDate "2013.09.08"]
[EventType "team-tourn"]
[EventRounds "7"]
[EventCountry "ESP"]
[Source "lmi"]
[SourceDate "2013.09.08"]

1. d4 Nf6 2. c4 e6 3. Nc3 Bb4 4. Nf3 b6 5. e3 Bb7 6. Bd3 O-O 7. O-O c5 8. Na4
cxd4 9. exd4 Re8 10. a3 Bf8 11. b4 d6 12. Re1 Nbd7 13. Bb2 g6 14. Nc3 Bg7 15.
Rc1 a6 16. Rc2 Rc8 17. Nb1 Bc6 18. Nc3 Bb7 19. Nb1 Bc6 20. Nc3 Bb7 21. Nb1
1/2-1/2

[Event "España tch División de Honor 2013"]
[Site "Linares ESP"]
[Date "2013.09.11"]
[Round "4.46"]
[White "Corral Blanco, Juan Antonio"]
[Black "Oms Pallisse, Josep"]
[Result "1-0"]
[WhiteElo "2436"]
[BlackElo "2475"]
[PlyCount "260"]
[EventDate "2013.09.08"]
[EventType "team-tourn"]
[EventRounds "7"]
[EventCountry "ESP"]
[Source "lmi"]
[SourceDate "2013.09.08"]

1. Nf3 Nf6 2. c4 e6 3. Nc3 d5 4. d4 dxc4 5. e3 a6 6. a4 b6 7. Bxc4 Bb7 8. Qe2
Bb4 9. O-O Nbd7 10. Bd3 c5 11. Na2 a5 12. Nxb4 axb4 13. dxc5 bxc5 14. e4 O-O
15. Bf4 Qb6 16. Nd2 e5 17. Be3 Rfc8 18. a5 Rxa5 19. Nc4 Rxa1 20. Nxb6 Rxf1+ 21.
Qxf1 Nxb6 22. f3 h6 23. Bb5 Nfd7 24. Bxd7 Nxd7 25. Qb5 Bc6 26. Qa6 Rc7 27. Qa5
Rc8 28. Bxc5 Bxe4 29. Bxb4 Bf5 30. Bc3 Kh7 31. Qd5 Be6 32. Qe4+ Kg8 33. Bxe5
Nc5 34. Qe3 Nb3 35. Bc3 Rc5 36. Kf2 Rd5 37. Qf4 f6 38. g4 Kf7 39. h4 h5 40.
gxh5 Rxh5 41. Qc7+ Kg6 42. Qe7 Bd5 43. Qe8+ Bf7 44. Qe4+ Kh6 45. Kg3 Rd5 46.
Qe7 Bg8 47. Qe8 Kh7 48. h5 Rg5+ 49. Kf2 Bd5 50. f4 Rg2+ 51. Ke3 Rg3+ 52. Kf2
Rg2+ 53. Kf1 Rg4 54. Qe3 Bf7 55. h6 Kxh6 56. Be1 Kg6 57. Bg3 Kh7 58. Kf2 Kg8
59. Qc3 Rg6 60. Qc8+ Kh7 61. Qf5 Kg8 62. Qc8+ Kh7 63. Qc6 Kg8 64. Qd6 Rh6 65.
Kg2 Rh5 66. Be1 Rd5 67. Qb8+ Kh7 68. Qf8 Rd7 69. Bc3 Bd5+ 70. Kf2 Bf7 71. Ke3
Bg6 72. Qc8 Re7+ 73. Kf2 Bf7 74. Bb4 Re8 75. Qd7 Kg8 76. Be7 Rb8 77. Ke3 Ra8
78. Kd3 Ra5 79. Qc8+ Kh7 80. Qf8 Bd5 81. Qe8 Bg8 82. Bf8 Nc5+ 83. Bxc5 Rxc5 84.
b4 Rf5 85. b5 Bd5 86. b6 Bg2 87. Ke3 g5 88. Qd7+ Kg6 89. fxg5 Rxg5 90. b7 Bxb7
91. Qxb7 Re5+ 92. Kd4 Rg5 93. Qc8 Kg7 94. Qd7+ Kg6 95. Ke4 Re5+ 96. Kf4 Rg5 97.
Qe8+ Kg7 98. Qd7+ Kg6 99. Qd3+ Kg7 100. Qc2 Re5 101. Qc7+ Kg6 102. Qc8 Kg7 103.
Qd8 Rg5 104. Qe7+ Kg6 105. Qf8 Rf5+ 106. Ke4 Re5+ 107. Kd4 Kf5 108. Qg7 Ke6
109. Qh7 Rg5 110. Ke4 Re5+ 111. Kf4 Rg5 112. Kf3 Rf5+ 113. Kg4 Rg5+ 114. Kf4
Re5 115. Qg8+ Ke7 116. Qg6 Rg5 117. Qb1 Kf7 118. Qh7+ Ke6 119. Qh6 Rf5+ 120.
Kg4 Rg5+ 121. Kh4 Kf7 122. Qh7+ Ke6 123. Qb7 Re5 124. Qg7 Rg5 125. Qf8 Ke5 126.
Qe7+ Kf5 127. Qf7 Ke5 128. Qd7 Rg6 129. Qe7+ Kf5 130. Qh7 Ke6 1-0

[Event "España tch División de Honor 2013"]
[Site "Linares ESP"]
[Date "2013.09.12"]
[Round "5.11"]
[White "Bruzon Batista, Lazaro"]
[Black "Spraggett, Kevin"]
[Result "1-0"]
[WhiteElo "2699"]
[BlackElo "2568"]
[PlyCount "77"]
[EventDate "2013.09.08"]
[EventType "team-tourn"]
[EventRounds "7"]
[EventCountry "ESP"]
[Source "lmi"]
[SourceDate "2013.09.08"]

1. e4 c5 2. Nf3 e6 3. d4 cxd4 4. Nxd4 Nc6 5. Nc3 Qc7 6. Be3 Nf6 7. Qd2 a6 8.
O-O-O Bb4 9. f3 O-O 10. g4 b5 11. g5 Ne8 12. Kb1 Be7 13. h4 Bb7 14. h5 Nxd4 15.
Bxd4 b4 16. Na4 Bc6 17. Nb6 Rb8 18. Nc4 Rb5 19. Rg1 f5 20. gxf6 Bxf6 21. e5
Rxe5 22. Nxe5 Bxe5 23. h6 g6 24. Qxb4 Bxd4 25. Qxd4 Bxf3 26. Rd2 d5 27. Bg2
Bxg2 28. Rdxg2 Qf4 29. Rxg6+ hxg6 30. h7+ Kxh7 31. Rh1+ Qh6 32. Rxh6+ Kxh6 33.
Qe3+ Kh5 34. Qe2+ Kh4 35. a4 g5 36. Qxe6 Rf1+ 37. Ka2 Nf6 38. Qxa6 Rf2 39. Qb6
1-0

[Event "España tch División de Honor 2013"]
[Site "Linares ESP"]
[Date "2013.09.12"]
[Round "5.12"]
[White "Moskalenko, Viktor"]
[Black "Iturrizaga, Eduardo"]
[Result "0-1"]
[WhiteElo "2524"]
[BlackElo "2661"]
[PlyCount "94"]
[EventDate "2013.09.08"]
[EventType "team-tourn"]
[EventRounds "7"]
[EventCountry "ESP"]
[Source "lmi"]
[SourceDate "2013.09.08"]

1. d4 Nf6 2. c4 c5 3. d5 b5 4. cxb5 a6 5. b6 d6 6. Nc3 Nbd7 7. e4 g6 8. Nf3 Bg7
9. Be2 O-O 10. O-O Rb8 11. h3 Qxb6 12. Rb1 Ne8 13. Bg5 f6 14. Be3 f5 15. exf5
Rxf5 16. Nd2 Qd8 17. Bg4 Rf8 18. Be6+ Kh8 19. Nde4 Nc7 20. Ng5 Qe8 21. Qg4 Nf6
22. Qh4 Rb4 23. g4 Bxe6 24. dxe6 Kg8 25. Rbe1 h6 26. Nf7 h5 27. Ng5 Nxg4 28.
Qg3 Nh6 29. Bc1 Nf5 30. Qd3 Qa8 31. Re4 Rd4 32. Rxd4 cxd4 33. Ne2 Nh4 34. Qg3
Nf3+ 35. Nxf3 Qxf3 36. Qxf3 Rxf3 37. Nf4 g5 38. Nxh5 Nxe6 39. Re1 Be5 40. Kg2
Rf8 41. Ng3 Nf4+ 42. Bxf4 gxf4 43. Ne4 f3+ 44. Kf1 Bf4 45. Rd1 Rc8 46. Ke1 Rc2
47. Rxd4 e5 0-1

[Event "España tch División de Honor 2013"]
[Site "Linares ESP"]
[Date "2013.09.12"]
[Round "5.13"]
[White "Hansen, Eric"]
[Black "Cruz, Cristhian"]
[Result "1/2-1/2"]
[WhiteElo "2584"]
[BlackElo "2529"]
[PlyCount "83"]
[EventDate "2013.09.08"]
[EventType "team-tourn"]
[EventRounds "7"]
[EventCountry "ESP"]
[Source "lmi"]
[SourceDate "2013.09.08"]

1. c4 e6 2. Nf3 Nf6 3. d4 Bb4+ 4. Bd2 Qe7 5. Nc3 O-O 6. g3 d5 7. a3 Bxc3 8.
Bxc3 Ne4 9. Qc2 c5 10. Bg2 Nxc3 11. Qxc3 cxd4 12. Qxd4 Nc6 13. Qc3 dxc4 14. O-O
e5 15. Qxc4 Be6 16. Qc3 f6 17. Rfd1 Rac8 18. Qe3 Rfd8 19. Rac1 Rc7 20. Rxd8+
Qxd8 21. h4 Rd7 22. b4 a5 23. bxa5 Qxa5 24. h5 Ne7 25. Nh4 b6 26. Kh2 Kf7 27.
Rb1 Qd2 28. Qe4 Rd4 29. Qb7 Qxe2 30. Nf3 Bd5 31. Qxb6 Bxf3 32. Rb2 Qd1 33. Rb1
Qe2 34. Rb2 Qd1 35. Rb1 Qc2 36. Bxf3 Qxf2+ 37. Bg2 g6 38. Qb3+ Kg7 39. Qb7 Kf7
40. Qb3+ Kg7 41. Qb7 Kf7 42. Qb3+ 1/2-1/2

[Event "España tch División de Honor 2013"]
[Site "Linares ESP"]
[Date "2013.09.12"]
[Round "5.14"]
[White "Libiszewski, Fabien"]
[Black "Arizmendi Martinez, Julen Luis"]
[Result "1-0"]
[WhiteElo "2520"]
[BlackElo "2564"]
[PlyCount "65"]
[EventDate "2013.09.08"]
[EventType "team-tourn"]
[EventRounds "7"]
[EventCountry "ESP"]
[Source "lmi"]
[SourceDate "2013.09.08"]

1. Nf3 Nf6 2. c4 g6 3. Nc3 Bg7 4. e4 d6 5. d4 O-O 6. h3 Na6 7. Bg5 Qe8 8. g4 c5
9. Bg2 Bd7 10. Qd2 Rc8 11. d5 b5 12. cxb5 Bxb5 13. e5 dxe5 14. Nxe5 Nxd5 15.
Nxd5 Bxe5 16. a4 Bc4 17. Nxe7+ Kh8 18. Qc2 f6 19. Be3 Qf7 20. Nxc8 Nb4 21. Qd2
Nd3+ 22. Kf1 Nf4+ 23. Kg1 Ne2+ 24. Kf1 Nf4+ 25. Kg1 Ne2+ 26. Kf1 Rxc8 27. Re1
Ng3+ 28. Kg1 Nxh1 29. Kxh1 Ba6 30. f4 Bb8 31. Bxc5 Bxf4 32. Qxf4 Rxc5 33. Qd6
1-0

[Event "España tch División de Honor 2013"]
[Site "Linares ESP"]
[Date "2013.09.12"]
[Round "5.15"]
[White "Castellanos Rodriguez, Renier"]
[Black "Gual Pascual, Antonio"]
[Result "1-0"]
[WhiteElo "2509"]
[BlackElo "2468"]
[PlyCount "81"]
[EventDate "2013.09.08"]
[EventType "team-tourn"]
[EventRounds "7"]
[EventCountry "ESP"]
[Source "lmi"]
[SourceDate "2013.09.08"]

1. e4 g6 2. d4 Bg7 3. Nf3 d6 4. c3 Nf6 5. Bd3 O-O 6. O-O c5 7. h3 Nc6 8. Re1
cxd4 9. cxd4 Nb4 10. Bf1 d5 11. e5 Ne4 12. Nc3 Bf5 13. g4 Be6 14. Nxe4 dxe4 15.
Ng5 Rc8 16. Nxe6 fxe6 17. Rxe4 Nc2 18. Rb1 Qd5 19. Bg2 Qxa2 20. Bd2 b5 21. Rc1
Qxb2 22. Rb1 Qa2 23. Rxb5 Na3 24. Ra5 Rc2 25. Rxa3 Rxd2 26. Rxa2 Rxd1+ 27. Bf1
Rc8 28. Kg2 Rcc1 29. Be2 Rg1+ 30. Kf3 Bh6 31. g5 Rxg5 32. Rg4 Rf5+ 33. Kg2 Rf7
34. Re4 a5 35. Bg4 Rf4 36. Rxf4 Bxf4 37. Kf3 Bh2 38. Bxe6+ Kg7 39. Rxa5 Rd1 40.
Rd5 h5 41. h4 1-0

[Event "España tch División de Honor 2013"]
[Site "Linares ESP"]
[Date "2013.09.12"]
[Round "5.16"]
[White "Bofill Mas, Alejandro"]
[Black "Corral Blanco, Juan Antonio"]
[Result "0-1"]
[WhiteElo "2353"]
[BlackElo "2436"]
[PlyCount "48"]
[EventDate "2013.09.08"]
[EventType "team-tourn"]
[EventRounds "7"]
[EventCountry "ESP"]
[Source "lmi"]
[SourceDate "2013.09.08"]

1. c4 Nf6 2. g3 e5 3. Bg2 c6 4. d4 Bb4+ 5. Bd2 Bxd2+ 6. Qxd2 d6 7. Nc3 O-O 8.
e3 Re8 9. Nge2 Bg4 10. h3 Be6 11. d5 cxd5 12. Nxd5 Nxd5 13. Bxd5 Bxd5 14. Qxd5
Nc6 15. Rd1 Qb6 16. Qd2 e4 17. Kf1 Ne5 18. b3 Nf3 19. Qc2 a5 20. Nc3 Qc6 21.
Kg2 Re5 22. Rd5 f5 23. Rhd1 Rxd5 24. Rxd5 Ne1+ 0-1

[Event "España tch División de Honor 2013"]
[Site "Linares ESP"]
[Date "2013.09.12"]
[Round "5.21"]
[White "Dominguez Perez, Leinier"]
[Black "Navara, David"]
[Result "1/2-1/2"]
[WhiteElo "2757"]
[BlackElo "2715"]
[PlyCount "94"]
[EventDate "2013.09.08"]
[EventType "team-tourn"]
[EventRounds "7"]
[EventCountry "ESP"]
[Source "lmi"]
[SourceDate "2013.09.08"]

1. e4 e5 2. Nf3 Nc6 3. Bb5 Nf6 4. O-O Nxe4 5. d4 Nd6 6. Bxc6 dxc6 7. dxe5 Nf5
8. Qxd8+ Kxd8 9. h3 Bd7 10. Rd1 Be7 11. Nc3 Kc8 12. g4 Nh4 13. Nxh4 Bxh4 14.
Ne4 b6 15. Bg5 Bxg5 16. Nxg5 h6 17. Nxf7 Re8 18. f4 Rf8 19. Rxd7 Kxd7 20. f5
Ke7 21. e6 Rxf7 22. exf7 Rd8 23. Re1+ Kxf7 24. Kf2 Rd2+ 25. Re2 Rd1 26. Kf3 c5
27. Kg3 a5 28. Kh4 Rb1 29. c3 b5 30. Kh5 c4 31. h4 b4 32. g5 hxg5 33. hxg5 g6+
34. fxg6+ Kf8 35. g7+ Kxg7 36. Re7+ Kf8 37. Rxc7 Rxb2 38. Rxc4 Rxa2 39. Rc8+
Ke7 40. cxb4 axb4 41. Kg6 Kd6 42. Rc4 b3 43. Rb4 Rb2 44. Kh7 Kc5 45. Rb8 Rh2+
46. Kg8 Rg2 47. Rxb3 Rxg5+ 1/2-1/2

[Event "España tch División de Honor 2013"]
[Site "Linares ESP"]
[Date "2013.09.12"]
[Round "5.22"]
[White "Vallejo Pons, Francisco"]
[Black "Giri, Anish"]
[Result "1/2-1/2"]
[WhiteElo "2706"]
[BlackElo "2737"]
[PlyCount "33"]
[EventDate "2013.09.08"]
[EventType "team-tourn"]
[EventRounds "7"]
[EventCountry "ESP"]
[Source "lmi"]
[SourceDate "2013.09.08"]

1. e4 e5 2. Nf3 Nf6 3. Nc3 Nc6 4. Bb5 Nd4 5. Ba4 c6 6. d3 a5 7. Nxe5 d6 8. Nf3
Nxf3+ 9. Qxf3 Bg4 10. Qg3 b5 11. Nxb5 cxb5 12. Bxb5+ Bd7 13. Bc4 Nh5 14. Qf3
Nf6 15. Qg3 Nh5 16. Qf3 Nf6 17. Qg3 1/2-1/2

[Event "España tch División de Honor 2013"]
[Site "Linares ESP"]
[Date "2013.09.12"]
[Round "5.23"]
[White "Vachier-Lagrave, Maxime"]
[Black "Magem Badals, Jordi"]
[Result "1/2-1/2"]
[WhiteElo "2722"]
[BlackElo "2551"]
[PlyCount "145"]
[EventDate "2013.09.08"]
[EventType "team-tourn"]
[EventRounds "7"]
[EventCountry "ESP"]
[Source "lmi"]
[SourceDate "2013.09.08"]

1. e4 c6 2. d4 d5 3. e5 Bf5 4. Nf3 e6 5. Be2 Ne7 6. O-O h6 7. Nbd2 Nd7 8. Nb3
Bh7 9. Bd2 a5 10. a4 Ng6 11. Qe1 b6 12. c4 dxc4 13. Bxc4 Be7 14. Rc1 O-O 15.
Qe3 Nb8 16. Rfd1 Qd7 17. Qe2 Rc8 18. Ne1 Qb7 19. f4 Nf8 20. g4 Na6 21. Ng2 Nb4
22. Rf1 b5 23. axb5 cxb5 24. Bxb5 Qb6 25. Rxc8 Rxc8 26. f5 Rc2 27. f6 gxf6 28.
exf6 Bd6 29. Qe3 Ng6 30. Be8 Bf8 31. d5 Nxd5 32. Qxb6 Nxb6 33. Bxa5 Rxb2 34.
Bxb6 Rxb3 35. Bc7 Bc5+ 36. Kh1 Bd4 37. Ba4 Rb2 38. h3 Ne5 39. Rf4 Rb4 40. Bd1
Nd3 41. Rf1 Nf2+ 42. Kh2 Nxd1 43. Rxd1 Bxf6 44. Nf4 Rb2+ 45. Kg3 Rb3+ 46. Kh2
Be4 47. Nh5 Rb2+ 48. Kg3 Bg5 49. h4 Rb3+ 50. Kh2 Bxh4 51. Bd8 Bf3 52. Rd4 Bxd8
53. Rxd8+ Kh7 54. Kg3 e5 55. Kh4 Rb4 56. Kg3 Rb3 57. Kh4 Rb4 58. Kg3 Be4 59.
Re8 Rb3+ 60. Kh2 Bg6 61. Rxe5 Bxh5 62. Rxh5 Kg6 63. Rc5 f6 64. Kg2 Re3 65. Kf2
Re5 66. Rc8 Kg5 67. Kf3 h5 68. Rg8+ Kh6 69. Rh8+ Kg6 70. Rxh5 Rxh5 71. gxh5+
Kxh5 72. Kf4 Kg6 73. Ke4 1/2-1/2

[Event "España tch División de Honor 2013"]
[Site "Linares ESP"]
[Date "2013.09.12"]
[Round "5.24"]
[White "Lopez Martinez, Josep Manuel"]
[Black "Edouard, Romain"]
[Result "1-0"]
[WhiteElo "2543"]
[BlackElo "2665"]
[PlyCount "82"]
[EventDate "2013.09.08"]
[EventType "team-tourn"]
[EventRounds "7"]
[EventCountry "ESP"]
[Source "lmi"]
[SourceDate "2013.09.08"]

1. e4 c5 2. Nf3 Nc6 3. Nc3 e5 4. Bc4 Be7 5. d3 d6 6. a3 Nf6 7. Bg5 Be6 8. Bxf6
Bxf6 9. Nd5 a6 10. c3 O-O 11. O-O b5 12. Ba2 Nb8 13. Ne1 Nd7 14. Nc2 Bg5 15.
Nce3 Rb8 16. a4 Kh8 17. axb5 axb5 18. Qe2 Bxe3 19. Nxe3 Nf6 20. Bxe6 fxe6 21.
Ra6 Ra8 22. Rfa1 Rxa6 23. Rxa6 Qd7 24. g3 h6 25. Ng2 Kh7 26. h4 Qc7 27. Ne3 Kh8
28. b3 Kh7 29. Qa2 Rb8 30. b4 cxb4 31. cxb4 Re8 32. Qb3 Re7 33. Kf1 Qc1+ 34.
Ke2 Qc7 35. Qc2 Qxc2+ 36. Nxc2 d5 37. f3 Nh5 38. Kf2 d4 39. Rc6 Kg6 40. Rc5 Ra7
41. Rxe5 Ra8 1-0

[Event "España tch División de Honor 2013"]
[Site "Linares ESP"]
[Date "2013.09.12"]
[Round "5.25"]
[White "Salgado Lopez, Ivan"]
[Black "Alonso Rosell, Alvar"]
[Result "1-0"]
[WhiteElo "2614"]
[BlackElo "2542"]
[PlyCount "58"]
[EventDate "2013.09.08"]
[EventType "team-tourn"]
[EventRounds "7"]
[EventCountry "ESP"]
[Source "lmi"]
[SourceDate "2013.09.08"]

1. e4 c6 2. Nc3 d5 3. Nf3 Bg4 4. h3 Bxf3 5. Qxf3 e6 6. d4 dxe4 7. Qxe4 Nf6 8.
Qd3 Na6 9. a3 Qa5 10. Be2 Nb4 11. Qd2 Nbd5 12. Nb1 Bb4 13. c3 Bd6 14. g3 O-O-O
15. O-O Qc7 16. Bf3 h5 17. h4 g5 18. c4 g4 19. Bg2 Ne7 20. Qc3 Nf5 21. c5 Be7
22. Bf4 Qd7 23. Qa5 Nxd4 24. Nc3 e5 25. Bxe5 Nf3+ 26. Bxf3 gxf3 27. Rad1 Nd5
28. Rxd5 cxd5 29. Nb5 Bxc5 1-0

[Event "España tch División de Honor 2013"]
[Site "Linares ESP"]
[Date "2013.09.12"]
[Round "5.26"]
[White "Oms Pallisse, Josep"]
[Black "Del Rio de Angelis, Salvador Gabriel"]
[Result "1/2-1/2"]
[WhiteElo "2475"]
[BlackElo "2499"]
[PlyCount "63"]
[EventDate "2013.09.08"]
[EventType "team-tourn"]
[EventRounds "7"]
[EventCountry "ESP"]
[Source "lmi"]
[SourceDate "2013.09.08"]

1. d4 e6 2. c4 Nf6 3. Nf3 d5 4. Nc3 dxc4 5. e3 a6 6. Bxc4 b5 7. Bb3 Bb7 8. O-O
Nbd7 9. Qe2 c5 10. Rd1 Qb8 11. d5 exd5 12. Nxd5 Nxd5 13. Bxd5 Bxd5 14. Rxd5 Be7
15. e4 Nb6 16. Rd1 O-O 17. g3 Qc8 18. Bg5 Qe6 19. Bxe7 Qxe7 20. Qc2 Rfe8 21. e5
h6 22. b3 Rad8 23. Rac1 c4 24. Qe4 Qe6 25. Qe3 Rd5 26. Rxd5 Nxd5 27. Qd4 cxb3
28. axb3 Ne7 29. Qe3 Nd5 30. Qd4 Ne7 31. Qe3 Nd5 32. Qd4 1/2-1/2

[Event "España tch División de Honor 2013"]
[Site "Linares ESP"]
[Date "2013.09.12"]
[Round "5.31"]
[White "Bacrot, Etienne"]
[Black "Nisipeanu, Liviu-Dieter"]
[Result "1/2-1/2"]
[WhiteElo "2723"]
[BlackElo "2665"]
[PlyCount "72"]
[EventDate "2013.09.08"]
[EventType "team-tourn"]
[EventRounds "7"]
[EventCountry "ESP"]
[Source "lmi"]
[SourceDate "2013.09.08"]

1. c4 c5 2. Nf3 Nf6 3. Nc3 e6 4. g3 b6 5. Bg2 Bb7 6. O-O Be7 7. d4 cxd4 8. Qxd4
d6 9. Bg5 O-O 10. Rfd1 Nc6 11. Qf4 Qb8 12. Nb5 Ne5 13. Bxf6 Bxf6 14. Nxd6 Nxf3+
15. Bxf3 Bxf3 16. Qxf3 Bxb2 17. Rab1 Be5 18. c5 Qc7 19. Qe4 Qxc5 20. Rbc1 Bxd6
21. Rxc5 Bxc5 22. Rd7 Rfd8 23. Qb7 Rxd7 24. Qxd7 a5 25. a4 g6 26. Kg2 e5 27. h4
h5 28. f3 Kf8 29. g4 hxg4 30. fxg4 Re8 31. h5 gxh5 32. gxh5 Re6 33. Qd8+ Kg7
34. Qg5+ Kh7 35. Qf5+ Kg7 36. Qg5+ Kh7 1/2-1/2

[Event "España tch División de Honor 2013"]
[Site "Linares ESP"]
[Date "2013.09.12"]
[Round "5.32"]
[White "Negi, Parimarjan"]
[Black "Van Wely, Loek"]
[Result "1/2-1/2"]
[WhiteElo "2662"]
[BlackElo "2701"]
[PlyCount "39"]
[EventDate "2013.09.08"]
[EventType "team-tourn"]
[EventRounds "7"]
[EventCountry "ESP"]
[Source "lmi"]
[SourceDate "2013.09.08"]

1. e4 c5 2. Nf3 e6 3. d4 cxd4 4. Nxd4 a6 5. Be2 Nf6 6. Nc3 d6 7. O-O Be7 8. f4
O-O 9. Kh1 Qc7 10. Qe1 b5 11. Bf3 Bb7 12. e5 dxe5 13. fxe5 Nfd7 14. Qg3 Bxf3
15. Qxf3 Nb6 16. Bf4 Bc5 17. Nb3 Be7 18. Nd4 Bc5 19. Nb3 Be7 20. Nb1 1/2-1/2

[Event "España tch División de Honor 2013"]
[Site "Linares ESP"]
[Date "2013.09.12"]
[Round "5.33"]
[White "Bauer, Christian"]
[Black "Ganguly, Surya Shekhar"]
[Result "0-1"]
[WhiteElo "2622"]
[BlackElo "2630"]
[PlyCount "83"]
[EventDate "2013.09.08"]
[EventType "team-tourn"]
[EventRounds "7"]
[EventCountry "ESP"]
[Source "lmi"]
[SourceDate "2013.09.08"]

1. e4 c5 2. Nf3 e6 3. d4 cxd4 4. Nxd4 Nc6 5. Nc3 Qc7 6. Be3 a6 7. Qd2 Nf6 8.
O-O-O Be7 9. f3 b5 10. g4 Nxd4 11. Bxd4 Bb7 12. Kb1 O-O 13. g5 Nh5 14. Be3 d5
15. exd5 b4 16. Na4 Bxd5 17. Nb6 Rad8 18. Nxd5 Rxd5 19. Qc1 Rxd1 20. Qxd1 Nf4
21. Bxf4 Qxf4 22. h4 Rd8 23. Bd3 a5 24. Qe2 Rd4 25. b3 g6 26. Qh2 Qxh2 27. Rxh2
h5 28. gxh6 Rxh4 29. Rxh4 Bxh4 30. c3 Kh7 31. cxb4 axb4 32. Bb5 Kxh6 33. Kc2
Kg5 34. Be8 f5 35. Kd3 Kf4 36. Bxg6 Kxf3 37. Kd4 Kf4 38. Bh7 e5+ 39. Kd5 e4 40.
Kc4 e3 41. Kd3 Kf3 42. Kd4 0-1

[Event "España tch División de Honor 2013"]
[Site "Linares ESP"]
[Date "2013.09.12"]
[Round "5.34"]
[White "Delchev, Aleksander"]
[Black "Franco Alonso, Alejandro"]
[Result "1/2-1/2"]
[WhiteElo "2637"]
[BlackElo "2483"]
[PlyCount "71"]
[EventDate "2013.09.08"]
[EventType "team-tourn"]
[EventRounds "7"]
[EventCountry "ESP"]
[Source "lmi"]
[SourceDate "2013.09.08"]

1. d4 d5 2. c4 e6 3. Nc3 Be7 4. cxd5 exd5 5. Bf4 c6 6. e3 Bf5 7. Nge2 Bg6 8. h4
Nf6 9. Ng3 h5 10. Bd3 Bxd3 11. Qxd3 g6 12. e4 dxe4 13. Ngxe4 Nxe4 14. Qxe4 Nd7
15. d5 Nf6 16. Qe5 cxd5 17. O-O-O O-O 18. Nxd5 Nxd5 19. Rxd5 Qc8+ 20. Kb1 Qe6
21. Bh6 Bf6 22. Qxe6 fxe6 23. Rd7 Rf7 24. Rhd1 Bxh4 25. g3 Be7 26. Rxb7 Bc5 27.
Rdd7 Rxd7 28. Rxd7 Bxf2 29. Rg7+ Kh8 30. Rxg6 Kh7 31. Rxe6 Bxg3 32. Be3 h4 33.
Kc2 Kg7 34. Bd4+ Kh7 35. Be3 Kg7 36. Bc1 1/2-1/2

[Event "España tch División de Honor 2013"]
[Site "Linares ESP"]
[Date "2013.09.12"]
[Round "5.35"]
[White "Gonzalez De La Torre, Santiago"]
[Black "Ubilava, Elizbar"]
[Result "1-0"]
[WhiteElo "2472"]
[BlackElo "2498"]
[PlyCount "108"]
[EventDate "2013.09.08"]
[EventType "team-tourn"]
[EventRounds "7"]
[EventCountry "ESP"]
[Source "lmi"]
[SourceDate "2013.09.08"]

1. e4 e5 2. f4 exf4 3. Bc4 Nf6 4. Nc3 c6 5. Bb3 d5 6. exd5 cxd5 7. d4 Bd6 8.
Nf3 O-O 9. O-O Be6 10. Ne5 Bxe5 11. dxe5 Ng4 12. Nxd5 Nc6 13. Bxf4 Bxd5 14.
Qxg4 Bxb3 15. axb3 Qd4+ 16. Rf2 Nxe5 17. Qd1 Nc6 18. Qxd4 Nxd4 19. Rd2 Rfd8 20.
Rad1 Ne6 21. Be3 b6 22. Kf2 Kf8 23. Kf3 Rxd2 24. Rxd2 Ke7 25. Ke4 Rc8 26. g4
Rc6 27. Kd5 Kd7 28. b4 Nc7+ 29. Ke4+ Ke7 30. b3 Re6+ 31. Kf3 Rf6+ 32. Kg3 Re6
33. Bf4 Ne8 34. c4 a6 35. Kf3 Re1 36. Be3 Rb1 37. Rd3 b5 38. Bc5+ Kf6 39. h4
Nc7 40. Bd4+ Ke6 41. Bb6 bxc4 42. bxc4 Rxb4 43. Bxc7 Rxc4 44. Bf4 Rc6 45. Re3+
Kd7 46. Be5 f6 47. Bd4 a5 48. Rb3 Ke7 49. Rb7+ Kf8 50. Ra7 h6 51. Rxa5 Kg8 52.
Ra7 Kh7 53. Ke4 Re6+ 54. Kd5 Kg8 1-0